Menová unifikácia v Európe - teoretické prístupy a praktická realizácia

Priblíženie procesu menovej unifikácie v Európe od prvých regionálnych menových únií v druhej polovici 19. storočia až po v súčasnosti vo svete najznámejšiu menovú integráciu 12 krajín EÚ - eurozónu. Formovanie menovej únie EMU - Delorsova správa, maastrichtské konvergentné kritéria a ich plnenie zo...

ver descrição completa

Na minha lista:
Detalhes bibliográficos
Autor principal: Gonda, Vladimír
Formato: Capítulo de Livro
Idioma:eslovaco
Assuntos:
Tags: Adicionar Tag
Sem tags, seja o primeiro a adicionar uma tag!

MARC

LEADER 00000naa$a2200000$$$4500
001 0045454
005 20240502071527.5
041 0 |a slo 
044 |a SK 
245 1 0 |a Menová unifikácia v Európe - teoretické prístupy a praktická realizácia  |c Vladimír Gonda 
520 |a Priblíženie procesu menovej unifikácie v Európe od prvých regionálnych menových únií v druhej polovici 19. storočia až po v súčasnosti vo svete najznámejšiu menovú integráciu 12 krajín EÚ - eurozónu. Formovanie menovej únie EMU - Delorsova správa, maastrichtské konvergentné kritéria a ich plnenie zo strany SR. Prínosy a náklady menovej integrácie v menovej únii 
610 2 0 |a únie menové 
610 2 0 |a unifikácia 
610 2 0 |a euro 
610 2 0 |a Slovensko 
610 2 0 |a integrácia menová 
610 2 0 |a Európska únia 
100 1 |a Gonda, Vladimír